00639nac a22001937a 4500001001000000003000900010005001700019008003400036040005400070072000800124100001800132110007400150245005000224260003400274300001000308490009800318650001400416650001500430BR9103287BR-BrBNA20240105121215.0230509b bl.|||m| |||| 00| 0 por d aBR-BrBNAbporcBiblioteca Nacional de Agricultura aF711 aBarroco, H.E.1 aComissao Executiva do Plano da Lavoura Cacaueira, Ilheus, BA (Brasil)1 aComentarios sobre as importacoes de chocolate3 aIlheus, BA (Brasil): c1984.  a21 p. aSerie Estudos Economicos - Comissao Executiva do Plano da Lavoura Cacaueira (Brazil)vno. 7x aCHOCOLATE aIMPORTACAO